[Event "Catalunya-chT Gp1"]
[Site "Barcelona"]
[Date "2020.01.18"]
[Round "1.10"]
[White "Parramon Ros, Francesco"]
[Black "Campos Cayuelas, Marc"]
[Result "1/2-1/2"]
[WhiteElo "2013"]
[BlackElo "2122"]
[PlyCount "69"]
[EventDate "2020.01.18"]
[EventType "team-tourn"]
[EventRounds "7"]
[EventCountry "ESP"]
[SourceTitle "CBM 194 Extra"]
[Source "ChessBase"]
[SourceDate "2020.03.31"]
[SourceVersion "1"]
[SourceVersionDate "2020.03.31"]
[SourceQuality "1"]
[WhiteTeam "Gerunda"]
[BlackTeam "Colon Sabadell"]
[WhiteTeamCountry "ESP"]
[BlackTeamCountry "ESP"]

1. d4 Nf6 2. Bf4 d5 3. e3 c5 4. c3 Nc6 5. Nd2 Qb6 6. Qc2 Nh5 7. Bg5 g6 8. h3 h6 9. Bh4 cxd4 10. exd4 Bf5 11. Qb3 Qxb3 12. axb3 Nf4 13. g4 Bc2 14. Bg3 Nd3+ 15. Ke2 e5 16. Bxe5 Ncxe5 17. dxe5 Bc5 18. b4 Bb6 19. Kf3 Nxf2 20. Bb5+ Ke7 21. Rh2 Nd3 22. Nc4 dxc4 23. Rxc2 Nxe5+ 24. Kg2 Bxg1 25. Rxg1 Rac8 26. Re2 f6 27. Rf1 Rhd8 28. Rf4 g5 29. Rxc4 a6 30. Rxc8 Rxc8 31. Ba4 b5 32. Bc2 Rd8 33. Kf2 Rd6 34. Be4 Kd7 35. b3 1/2-1/2

[Event "Llinars del Valles op-A 7th"]
[Site "Llinars del Valles"]
[Date "2013.05.25"]
[Round "6"]
[White "Pruja Ramirez de Cartagena, Marc"]
[Black "Campos Cayuelas, Marc"]
[Result "1-0"]
[WhiteElo "2217"]
[BlackElo "2096"]
[PlyCount "75"]
[EventDate "2013.04.13"]
[EventType "swiss"]
[EventRounds "7"]
[EventCountry "ESP"]
[SourceTitle "EXT 2014"]
[Source "ChessBase"]
[SourceDate "2013.11.20"]
[SourceVersion "1"]
[SourceVersionDate "2013.11.20"]
[SourceQuality "1"]

1. e4 c5 2. Nf3 d6 3. d4 cxd4 4. Nxd4 Nf6 5. Nc3 g6 6. Be3 Bg7 7. f3 0-0 8. Qd2 Nc6 9. 0-0-0 d5 10. Kb1 Nxd4 11. e5 Nf5 12. exf6 Bxf6 13. Nxd5 Qxd5 14. Qxd5 Nxe3 15. Qd2 Nxd1 16. Qxd1 Be6 17. Bb5 Rfd8 18. Qe2 a6 19. Ba4 Rd4 20. Bb3 Bxb3 21. axb3 Rad8 22. g4 R8d5 23. h4 Rd2 24. Qe1 Be5 25. Qe3 Bd6 26. h5 g5 27. h6 Bc5 28. Qc3 f6 29. b4 Bf2 30. Qc8+ Rd8 31. Qxb7 Re2 32. Qxa6 Rdd2 33. Qc8+ Kf7 34. Qh8 Be1 35. Qxh7+ Ke6 36. Qf5+ Kf7 37. h7 e6 38. Qd3 1-0

[Event "Catalunya-chT Honor"]
[Site "Catalunya"]
[Date "2013.03.09"]
[Round "8.10"]
[White "Gorgues Valle, Jose Maria"]
[Black "Campos Cayuelas, Marc"]
[Result "1/2-1/2"]
[WhiteElo "1786"]
[BlackElo "2096"]
[PlyCount "83"]
[EventDate "2013.01.19"]
[EventType "team-tourn"]
[EventRounds "11"]
[EventCountry "ESP"]
[SourceTitle "EXT 2014"]
[Source "ChessBase"]
[SourceDate "2013.11.20"]
[SourceVersion "1"]
[SourceVersionDate "2013.11.20"]
[SourceQuality "1"]
[WhiteTeam "Andorra"]
[BlackTeam "Colon Sabadell"]
[WhiteTeamCountry "AND"]
[BlackTeamCountry "ESP"]

1. e4 c5 2. Nc3 Nc6 3. f4 g6 4. Nf3 Bg7 5. Bc4 e6 6. d3 d6 7. 0-0 Nge7 8. Qe1 Nd4 9. Nxd4 cxd4 10. Nd1 0-0 11. c3 d5 12. Bb3 dxe4 13. Qxe4 a5 14. cxd4 Bd7 15. a4 Bc6 16. Qe2 Nf5 17. Bc4 Bxd4+ 18. Be3 Nxe3 19. Nxe3 Qb6 20. Rfe1 Bxe3+ 21. Qxe3 Qxb2 22. Qf2 Qxf2+ 23. Kxf2 Rfd8 24. g3 Bd5 25. Bb5 Rac8 26. Rac1 Bc6 27. Bxc6 Rxc6 28. Rxc6 bxc6 29. Ke3 Rb8 30. Rc1 Rb4 31. Rc4 Rxc4 32. dxc4 c5 33. Ke4 Kf8 34. g4 Ke7 35. g5 f6 36. h4 fxg5 37. hxg5 Kd6 38. Kf3 e5 39. Ke4 exf4 40. Kxf4 Ke6 41. Ke4 Kd6 42. Kf4 1/2-1/2

[Event "Catalunya-chT Honor"]
[Site "Catalunya"]
[Date "2013.02.16"]
[Round "5.10"]
[White "Castellet Menchon, Didac"]
[Black "Campos Cayuelas, Marc"]
[Result "0-1"]
[WhiteElo "1861"]
[BlackElo "2096"]
[PlyCount "80"]
[EventDate "2013.01.19"]
[EventType "team-tourn"]
[EventRounds "11"]
[EventCountry "ESP"]
[SourceTitle "EXT 2014"]
[Source "ChessBase"]
[SourceDate "2013.11.20"]
[SourceVersion "1"]
[SourceVersionDate "2013.11.20"]
[SourceQuality "1"]
[WhiteTeam "Cerdanyola Valles"]
[BlackTeam "Colon Sabadell"]
[WhiteTeamCountry "ESP"]
[BlackTeamCountry "ESP"]

1. e4 c5 2. Nf3 d6 3. d4 cxd4 4. Nxd4 Nf6 5. Nc3 g6 6. Be2 Bg7 7. 0-0 0-0 8. Bg5 Nc6 9. Nb3 Be6 10. Kh1 Na5 11. Nxa5 Qxa5 12. f4 Rac8 13. Bf3 Rc5 14. a3 Qc7 15. Re1 h6 16. Bh4 g5 17. Bf2 Rxc3 18. bxc3 g4 19. Be2 Nxe4 20. Bd4 Nxc3 21. Qd2 Ne4 22. Qe3 Bxd4 23. Qxd4 d5 24. Rf1 Qxc2 25. Bd1 Qd2 26. Qxd2 Nxd2 27. Rf2 Ne4 28. Rb2 b6 29. Bb3 Rc8 30. Rf1 f5 31. Rd1 Rc3 32. Kg1 Kf7 33. Rbb1 Rc5 34. Rbc1 d4 35. Bc2 Nc3 36. Rd2 d3 37. Bd1 Ne2+ 38. Bxe2 Rxc1+ 39. Bd1 Bb3 40. Rxd3 Rxd1+ 0-1

[Event "Sabadell op-A 5th"]
[Site "Sabadell"]
[Date "2012.08.30"]
[Round "1"]
[White "Campos Cayuelas, Marc"]
[Black "Alarcon Casellas, Rolando"]
[Result "0-1"]
[WhiteElo "2119"]
[BlackElo "2471"]
[PlyCount "58"]
[EventDate "2012.08.30"]
[EventType "swiss"]
[EventRounds "9"]
[EventCountry "ESP"]
[SourceTitle "CBM 150 Extra"]
[Source "ChessBase"]
[SourceDate "2012.10.19"]
[SourceVersion "1"]
[SourceVersionDate "2012.10.19"]
[SourceQuality "1"]

1. e4 c5 2. Nc3 e6 3. Nf3 a6 4. d4 cxd4 5. Nxd4 Qc7 6. g3 Nf6 7. Bg2 d6 8. 0-0 Be7 9. Re1 0-0 10. Bg5 Nbd7 11. Qd2 Rb8 12. a4 b6 13. Rad1 Bb7 14. f4 h6 15. Bh4 Rfe8 16. f5 e5 17. Bxf6 Nxf6 18. Nb3 Bc6 19. Qe2 b5 20. axb5 axb5 21. Nd5 Bxd5 22. exd5 Rec8 23. Rd2 Bd8 24. Ra1 Qc4 25. h3 Ra8 26. Rxa8 Rxa8 27. Bf1 Ne4 28. Qg4 h5 29. Qxh5 Qxf1+ 0-1

[Event "Sabadell Coral Colon op 5th"]
[Site "Sabadell"]
[Date "2011.03.25"]
[Round "8"]
[White "Morais Carreras, Javier"]
[Black "Campos Cayuelas, Marc"]
[Result "1/2-1/2"]
[WhiteElo "1932"]
[BlackElo "2058"]
[PlyCount "35"]
[EventDate "2011.02.04"]
[EventType "swiss"]
[EventRounds "9"]
[EventCountry "ESP"]
[SourceTitle "EXT 2013"]
[Source "ChessBase"]
[SourceDate "2012.11.22"]
[SourceVersion "1"]
[SourceVersionDate "2012.11.22"]
[SourceQuality "1"]

1. d4 d5 2. Nf3 Nf6 3. e3 e6 4. Bd3 Bd6 5. Nbd2 b6 6. 0-0 0-0 7. Re1 c5 8. c3 Bb7 9. e4 dxe4 10. Nxe4 Bxe4 11. Bxe4 Nxe4 12. Rxe4 Nc6 13. Bg5 Qc7 14. dxc5 Bxc5 15. Qc2 Ne7 16. Bf4 Qb7 17. b4 f5 18. Rxe6 1/2-1/2

[Event "Sabadell Coral Colon op 5th"]
[Site "Sabadell"]
[Date "2011.03.18"]
[Round "7"]
[White "Campos Cayuelas, Marc"]
[Black "Ortega Serra, Marc"]
[Result "1/2-1/2"]
[WhiteElo "2058"]
[BlackElo "2219"]
[PlyCount "24"]
[EventDate "2011.02.04"]
[EventType "swiss"]
[EventRounds "9"]
[EventCountry "ESP"]
[SourceTitle "EXT 2013"]
[Source "ChessBase"]
[SourceDate "2012.11.22"]
[SourceVersion "1"]
[SourceVersionDate "2012.11.22"]
[SourceQuality "1"]

1. e4 e6 2. d4 d5 3. exd5 exd5 4. Bd3 Bd6 5. Nf3 Ne7 6. 0-0 Bf5 7. Re1 Bxd3 8. Qxd3 0-0 9. Bg5 f6 10. Bh4 c6 11. c3 Nd7 12. Nbd2 Re8 1/2-1/2

[Event "Sabadell Coral Colon op 5th"]
[Site "Sabadell"]
[Date "2011.02.11"]
[Round "2"]
[White "Campos Cayuelas, Marc"]
[Black "Ferrer Got, Juan"]
[Result "1/2-1/2"]
[WhiteElo "2058"]
[BlackElo "1847"]
[PlyCount "52"]
[EventDate "2011.02.04"]
[EventType "swiss"]
[EventRounds "9"]
[EventCountry "ESP"]
[SourceTitle "EXT 2013"]
[Source "ChessBase"]
[SourceDate "2012.11.22"]
[SourceVersion "1"]
[SourceVersionDate "2012.11.22"]
[SourceQuality "1"]

1. e4 c6 2. c4 d5 3. exd5 cxd5 4. cxd5 Qxd5 5. Nc3 Qa5 6. Nf3 Nf6 7. Be2 e6 8. 0-0 Be7 9. d4 0-0 10. Bf4 a6 11. Ne5 Nbd7 12. Bf3 Nb6 13. Ne4 Nbd5 14. Bd2 Qb6 15. Bc3 Rd8 16. Ng5 Rf8 17. Qc2 h6 18. Ne4 Bd7 19. Ng3 Rac8 20. Bxd5 exd5 21. Rfe1 Be6 22. Nf5 Bxf5 23. Qxf5 Bb4 24. Re3 Bxc3 25. bxc3 Qb2 26. Rb1 Rxc3 1/2-1/2

[Event "Llinars del Valles op-A 4th"]
[Site "Llinars del Valles"]
[Date "2010.05.08"]
[Round "5"]
[White "Campos Cayuelas, Marc"]
[Black "Pozanco Romasanta, Marc"]
[Result "0-1"]
[WhiteElo "2094"]
[BlackElo "1782"]
[PlyCount "102"]
[EventDate "2010.04.10"]
[EventType "swiss"]
[EventRounds "7"]
[EventCountry "ESP"]
[SourceTitle "EXT 2012"]
[Source "ChessBase"]
[SourceDate "2011.11.24"]
[SourceVersion "1"]
[SourceVersionDate "2011.11.24"]
[SourceQuality "1"]

1. e4 a6 2. d4 b5 3. Bd3 Bb7 4. Nf3 e6 5. 0-0 c5 6. c3 Nf6 7. a4 c4 8. Bc2 Nxe4 9. Re1 Nf6 10. Bg5 Be7 11. Nbd2 0-0 12. Bxf6 Bxf6 13. Ne4 Be7 14. Ne5 f5 15. Nc5 Bxc5 16. dxc5 Bd5 17. axb5 axb5 18. Rxa8 Bxa8 19. Qd6 Bd5 20. f4 Qc8 21. Re3 Nc6 22. Rg3 Nxe5 23. Qxe5 Qxc5+ 24. Kf1 g6 25. h4 d6 26. Qe2 Ra8 27. Qh5 Ra1+ 28. Bd1 Qa7 29. Qe2 Be4 30. h5 Kg7 31. hxg6 hxg6 32. Qd2 Bd3+ 33. Rxd3 cxd3 34. Qxd3 Qc5 35. Ke2 Ra2 36. Qd2 Qc4+ 37. Kf2 d5 38. Kg3 Kf7 39. Kh4 Ra8 40. Be2 Rh8+ 41. Kg3 Qc7 42. Bxb5 g5 43. Qd4 gxf4+ 44. Qxf4 Qxf4+ 45. Kxf4 Rb8 46. c4 dxc4 47. Bxc4 Rxb2 48. Ke5 Rb6 49. g3 Ke7 50. g4 Rb4 51. Bd3 Rxg4 0-1

[Event "Llinars del Valles op-A 4th"]
[Site "Llinars del Valles"]
[Date "2010.05.01"]
[Round "4"]
[White "Vizcaino Marin, Jose Luis"]
[Black "Campos Cayuelas, Marc"]
[Result "0-1"]
[WhiteElo "1877"]
[BlackElo "2094"]
[PlyCount "54"]
[EventDate "2010.04.10"]
[EventType "swiss"]
[EventRounds "7"]
[EventCountry "ESP"]
[SourceTitle "EXT 2012"]
[Source "ChessBase"]
[SourceDate "2011.11.24"]
[SourceVersion "1"]
[SourceVersionDate "2011.11.24"]
[SourceQuality "1"]

1. d4 Nf6 2. Nf3 g6 3. Bf4 Bg7 4. e3 0-0 5. Nbd2 d6 6. h3 Nfd7 7. Bc4 e5 8. Bg5 Qe8 9. c3 Nc6 10. Qc2 exd4 11. cxd4 Nxd4 12. Nxd4 Bxd4 13. Nf3 Bg7 14. 0-0 Ne5 15. Be2 Qc6 16. Rac1 Bf5 17. Qd2 Qb6 18. b3 Be4 19. Nxe5 Bxe5 20. Bh6 Rfe8 21. Rfd1 a5 22. Kh1 Bc6 23. Bc4 Qb4 24. Qe2 d5 25. Bd3 Qh4 26. f4 Qxh6 27. fxe5 Rxe5 0-1

[Event "Sabadell Colon MC 4th"]
[Site "Sabadell"]
[Date "2010.03.12"]
[Round "7.4"]
[White "Brusi Noguera, Ricardo Ll"]
[Black "Campos Cayuelas, Marc"]
[Result "1-0"]
[WhiteElo "2073"]
[BlackElo "2094"]
[PlyCount "119"]
[EventDate "2010.01.29"]
[EventType "tourn"]
[EventRounds "9"]
[EventCountry "ESP"]
[SourceTitle "EXT 2024"]
[Source "ChessBase"]
[SourceDate "2023.10.10"]
[SourceVersion "1"]
[SourceVersionDate "2023.10.10"]
[SourceQuality "1"]

1. d4 Nf6 2. c4 g6 3. Nc3 d5 4. Nf3 Bg7 5. Bg5 Ne4 6. Bh4 Nxc3 7. bxc3 dxc4 8. Qa4+ Qd7 9. Qxc4 0-0 10. e3 Nc6 11. Be2 e5 12. 0-0 a5 13. d5 Ne7 14. e4 c6 15. Bxe7 cxd5 16. Qc5 Re8 17. Bh4 dxe4 18. Ne1 Qd2 19. Qe3 Qb2 20. Rd1 Qxa2 21. Qxe4 Bf5 22. Bc4 Bxe4 23. Bxa2 Bc6 24. Nf3 h6 25. Nd2 e4 26. Nb1 Kf8 27. Bg3 Be5 28. Rd2 f5 29. Bxe5 Rxe5 30. Na3 e3 31. fxe3 Rxe3 32. Nb1 Rae8 33. Rfd1 Ba4 34. Rf1 Re2 35. Rxe2 Rxe2 36. Bd5 b5 37. Rc1 b4 38. Kf1 Rb2 39. c4 Bc2 40. Nd2 a4 41. c5 Ke7 42. Ke1 a3 43. Nc4 Rb1 44. Rxb1 Bxb1 45. Na5 a2 46. Nb3 g5 47. Kf2 Kd7 48. Ke3 h5 49. Kd4 h4 50. Ke5 f4 51. Na1 h3 52. gxh3 Bd3 53. h4 Be2 54. hxg5 f3 55. Bxa2 f2 56. Be6+ Kc6 57. Bh3 Kxc5 58. Nb3+ Kc4 59. Nd2+ Kd3 60. Nf1 1-0

[Event "Sabadell Colon MC 4th"]
[Site "Sabadell"]
[Date "2010.02.26"]
[Round "5.3"]
[White "Serrano Pertinez, Miquel"]
[Black "Campos Cayuelas, Marc"]
[Result "1-0"]
[WhiteElo "2116"]
[BlackElo "2094"]
[PlyCount "115"]
[EventDate "2010.01.29"]
[EventType "tourn"]
[EventRounds "9"]
[EventCountry "ESP"]
[SourceTitle "EXT 2024"]
[Source "ChessBase"]
[SourceDate "2023.10.10"]
[SourceVersion "1"]
[SourceVersionDate "2023.10.10"]
[SourceQuality "1"]

1. c4 e5 2. Nc3 Nf6 3. Nf3 Nc6 4. e3 Bb4 5. Qc2 a5 6. b3 d6 7. Bb2 Bg4 8. Be2 Qd7 9. Nd5 Nxd5 10. cxd5 Ne7 11. a3 Bc5 12. Bxe5 dxe5 13. Qxc5 Qd6 14. Bb5+ Kd8 15. Qxd6+ cxd6 16. Ng5 Bh5 17. Rc1 Bg6 18. f3 h6 19. Ne4 Nc8 20. 0-0 f5 21. Nc3 Bf7 22. e4 f4 23. d4 g5 24. dxe5 dxe5 25. Na4 h5 26. Nb2 Nd6 27. Be2 g4 28. Nc4 Nxc4 29. Rxc4 Be8 30. Kf2 Rg8 31. Rfc1 Rg7 32. Rc5 b6 33. R5c3 Bd7 34. Rc7 g3+ 35. hxg3 fxg3+ 36. Ke3 h4 37. Bb5 Rb8 38. Bxd7 Rxd7 39. R7c6 Rh7 40. Rd6+ Ke8 41. Rg6 Kf7 42. Rg4 Rb7 43. Rh1 Rc7 44. Kd2 b5 45. Rhxh4 Rxh4 46. Rxh4 Kf8 47. Rh8+ Kg7 48. Rb8 Rf7 49. Ke3 Rc7 50. d6 Rc3+ 51. Ke2 Rc2+ 52. Kd3 Rc6 53. Rxb5 Rxd6+ 54. Ke3 Rd1 55. Rxe5 Kf6 56. Kf4 Rd3 57. Rxa5 Rxb3 58. Ra6+ 1-0

[Event "Sabadell Colon MC 4th"]
[Site "Sabadell"]
[Date "2010.02.19"]
[Round "4.4"]
[White "Campos Cayuelas, Marc"]
[Black "Ortega Serra, Marc"]
[Result "1/2-1/2"]
[WhiteElo "2094"]
[BlackElo "2168"]
[PlyCount "69"]
[EventDate "2010.01.29"]
[EventType "tourn"]
[EventRounds "9"]
[EventCountry "ESP"]
[SourceTitle "EXT 2024"]
[Source "ChessBase"]
[SourceDate "2023.10.10"]
[SourceVersion "1"]
[SourceVersionDate "2023.10.10"]
[SourceQuality "1"]

1. e4 e6 2. d4 d5 3. Nc3 Nf6 4. Bg5 Be7 5. e5 Nfd7 6. h4 Nc6 7. Qg4 f6 8. exf6 Nxf6 9. Qd1 a6 10. Nf3 Qd6 11. Qe2 Qb4 12. 0-0-0 Bd7 13. g3 Qa5 14. Bh3 Ne4 15. Nxe4 dxe4 16. Qxe4 Qxa2 17. d5 Qa1+ 18. Kd2 Qxb2 19. Bxe6 Qb4+ 20. Qxb4 Bxb4+ 21. c3 Bxe6 22. dxc6 Bd6 23. Rhe1 Kf7 24. cxb7 Rab8 25. Rb1 h6 26. Nd4 Bd5 27. Be3 Rxb7 28. Rxb7 Bxb7 29. Nf5 Ba3 30. Ra1 Rd8+ 31. Ke2 Bf8 32. Bf4 Be4 33. Nd4 c5 34. Nf3 Bxf3+ 35. Kxf3 1/2-1/2

[Event "Sabadell Colon MC 4th"]
[Site "Sabadell"]
[Date "2010.02.12"]
[Round "3.2"]
[White "Fernandez Diaz, Cristian"]
[Black "Campos Cayuelas, Marc"]
[Result "0-1"]
[WhiteElo "1833"]
[BlackElo "2094"]
[PlyCount "54"]
[EventDate "2010.01.29"]
[EventType "tourn"]
[EventRounds "9"]
[EventCountry "ESP"]
[SourceTitle "EXT 2024"]
[Source "ChessBase"]
[SourceDate "2023.10.10"]
[SourceVersion "1"]
[SourceVersionDate "2023.10.10"]
[SourceQuality "1"]

1. d4 Nf6 2. Bg5 e6 3. e4 h6 4. Bxf6 Qxf6 5. Nc3 Bb4 6. Qd2 d5 7. e5 Qd8 8. a3 Ba5 9. Bd3 c5 10. dxc5 d4 11. b4 dxc3 12. Qxc3 Bc7 13. Nf3 0-0 14. Rd1 Qe7 15. h4 Bd7 16. b5 a6 17. b6 Bd8 18. Qb4 Bc6 19. Rh3 Nd7 20. Rg3 Bxf3 21. gxf3 Qxc5 22. Qg4 Qxe5+ 23. Kd2 Bf6 24. Rdg1 Nxb6 25. f4 Qd4 26. R1g2 Rac8 27. Ke2 Rfd8 0-1

[Event "Llinars del Valles op 3rd"]
[Site "Llinars del Valles"]
[Date "2009.06.06"]
[Round "7"]
[White "Jareno Badenas, Aleix"]
[Black "Campos Cayuelas, Marc"]
[Result "0-1"]
[WhiteElo "1876"]
[BlackElo "2117"]
[PlyCount "58"]
[EventDate "2009.04.18"]
[EventType "swiss"]
[EventRounds "7"]
[EventCountry "ESP"]
[SourceTitle "EXT 2011"]
[Source "ChessBase"]
[SourceDate "2010.11.26"]
[SourceVersion "1"]
[SourceVersionDate "2010.11.26"]
[SourceQuality "1"]

1. e4 c5 2. c3 Nf6 3. e5 Nd5 4. d4 cxd4 5. cxd4 e6 6. Nf3 b6 7. Bc4 Bb7 8. 0-0 Be7 9. Re1 0-0 10. Nbd2 d6 11. Ne4 dxe5 12. dxe5 Qc7 13. b3 Rd8 14. Bd2 Nc6 15. Ng3 Ba3 16. Qe2 Bb2 17. Bg5 Bxa1 18. Bxd8 Rxd8 19. Rxa1 Ncb4 20. a3 Nf4 21. Qb2 Nbd3 22. Qc2 Nxe5 23. Nxe5 Qxe5 24. Rd1 Rxd1+ 25. Qxd1 g6 26. f3 Qe3+ 27. Kf1 Bd5 28. Bxd5 exd5 29. Qc2 Nd3 0-1

[Event "Llinars del Valles op 3rd"]
[Site "Llinars del Valles"]
[Date "2009.04.18"]
[Round "1"]
[White "Ezquerro Luque, Albert"]
[Black "Campos Cayuelas, Marc"]
[Result "1/2-1/2"]
[WhiteElo "1848"]
[BlackElo "2117"]
[PlyCount "118"]
[EventDate "2009.04.18"]
[EventType "swiss"]
[EventRounds "7"]
[EventCountry "ESP"]
[SourceTitle "EXT 2011"]
[Source "ChessBase"]
[SourceDate "2010.11.26"]
[SourceVersion "1"]
[SourceVersionDate "2010.11.26"]
[SourceQuality "1"]

1. e4 c5 2. Nc3 Nc6 3. f4 g6 4. Nf3 Bg7 5. Bc4 e6 6. d3 Nge7 7. e5 d5 8. exd6 Qxd6 9. Ne4 Qc7 10. c3 b6 11. 0-0 0-0 12. Qe1 Na5 13. Bb3 Nxb3 14. axb3 f6 15. d4 Bb7 16. dxc5 Qc6 17. Ng3 Qxc5+ 18. Be3 Qc6 19. Qe2 Nf5 20. Nxf5 exf5 21. Qc4+ Qxc4 22. bxc4 Rfe8 23. Kf2 Be4 24. Rfd1 Re7 25. Rd6 Rc8 26. b3 Rce8 27. Re1 Bh6 28. g3 Bxf3 29. Kxf3 Bf8 30. Rdd1 Re4 31. Bf2 Bc5 32. Rxe4 fxe4+ 33. Ke2 Bxf2 34. Kxf2 Kf7 35. Rd7+ Re7 36. Rd6 f5 37. h3 Ke8 38. g4 Rd7 39. Rd5 Rxd5 40. cxd5 b5 41. b4 Kd7 42. Ke3 Kd6 43. Kd4 a6 44. g5 Kc7 45. c4 bxc4 46. Kxc4 Kb6 47. Kd4 Kb5 48. h4 Kb6 49. Kc4 Kc7 50. Kc3 Kd7 51. Kc4 e3 52. Kd3 e2 53. Kxe2 Kd6 54. Ke3 Kxd5 55. Kd3 Kc6 56. Kc4 Kb6 57. Kd4 Kb5 58. Kc3 Kb6 59. Kd4 Kb5 1/2-1/2

[Event "Sabadell MC"]
[Site "Sabadell"]
[Date "2009.02.27"]
[Round "6"]
[White "Campos Cayuelas, Marc"]
[Black "Subirats Ruiz, Sergi"]
[Result "1-0"]
[WhiteElo "2117"]
[BlackElo "2058"]
[PlyCount "135"]
[EventDate "2009.01.23"]
[EventType "tourn"]
[EventRounds "9"]
[EventCountry "ESP"]
[SourceTitle "EXT 2010"]
[Source "ChessBase"]
[SourceDate "2010.11.25"]
[SourceVersion "1"]
[SourceVersionDate "2010.11.25"]
[SourceQuality "1"]

1. d4 e6 2. e4 c5 3. d5 e5 4. Nf3 d6 5. Bd3 g6 6. Nbd2 Bg7 7. a4 Ne7 8. Nc4 0-0 9. Bg5 h6 10. Bxe7 Qxe7 11. Nfd2 Nd7 12. 0-0 f5 13. f4 exf4 14. exf5 Bd4+ 15. Kh1 Nf6 16. Qf3 Bxf5 17. Bxf5 gxf5 18. Qxf4 Ng4 19. c3 Be5 20. Nxe5 Qxe5 21. Nc4 Qxf4 22. Rxf4 Rf6 23. Re1 b5 24. axb5 Rb8 25. b6 axb6 26. h3 b5 27. Nxd6 Rxd6 28. hxg4 fxg4 29. Rxg4+ Kf7 30. Rf4+ Kg6 31. Re5 Rbd8 32. Rff5 Ra8 33. g4 Ra1+ 34. Kg2 Rb1 35. Re2 c4 36. Kf2 Rd1 37. Re6+ Rxe6 38. dxe6 Rd8 39. Rxb5 Rc8 40. Kf3 Kf6 41. Rb6 Ke7 42. Ke4 Rc5 43. Kf4 Rg5 44. Rc6 Rb5 45. Rxc4 Rxb2 46. Kf5 Rf2+ 47. Rf4 Rc2 48. Rf3 Re2 49. Rf4 Re3 50. c4 Re1 51. Rd4 Rf1+ 52. Ke5 Re1+ 53. Kd5 Ra1 54. Re4 Rd1+ 55. Kc6 Rh1 56. c5 Rh4 57. Kd5 h5 58. gxh5 Rxh5+ 59. Kc6 Rh1 60. Kc7 Rc1 61. c6 Rb1 62. Kc8 Rc1 63. c7 Rb1 64. Rd4 Rb2 65. Rd7+ Ke8 66. Rd6 Ke7 67. Ra6 Rb1 68. Ra7 1-0

[Event "Sabadell MC"]
[Site "Sabadell"]
[Date "2009.02.20"]
[Round "5"]
[White "Campos Cayuelas, Marc"]
[Black "Gallego Montes, Antonio"]
[Result "1-0"]
[WhiteElo "2117"]
[BlackElo "2003"]
[PlyCount "95"]
[EventDate "2009.01.23"]
[EventType "tourn"]
[EventRounds "9"]
[EventCountry "ESP"]
[SourceTitle "EXT 2010"]
[Source "ChessBase"]
[SourceDate "2010.11.25"]
[SourceVersion "1"]
[SourceVersionDate "2010.11.25"]
[SourceQuality "1"]

1. d4 e6 2. e4 d5 3. Nc3 dxe4 4. Nxe4 Nd7 5. Nf3 Ngf6 6. Bg5 Be7 7. Nxf6+ gxf6 8. Be3 c5 9. Bd3 cxd4 10. Bxd4 e5 11. Be3 Qa5+ 12. Qd2 Qxd2+ 13. Nxd2 Nc5 14. Bb5+ Bd7 15. a4 a6 16. Bxd7+ Nxd7 17. Ke2 Rc8 18. c3 f5 19. g3 Bc5 20. Bxc5 Nxc5 21. Nc4 0-0 22. Nd6 Rc6 23. Nxf5 Rf6 24. g4 Ne6 25. Rhd1 Rd8 26. Rxd8+ Nxd8 27. Rd1 Nc6 28. Rd7 b5 29. axb5 axb5 30. Rb7 h5 31. h3 b4 32. cxb4 Nd4+ 33. Nxd4 exd4 34. Rd7 hxg4 35. hxg4 Rf4 36. f3 d3+ 37. Rxd3 Rxb4 38. b3 Kg7 39. Kd2 Kf6 40. Kc3 Rb8 41. f4 Ke6 42. b4 Rc8+ 43. Kb3 Rc1 44. b5 Rg1 45. g5 Rf1 46. Rd4 f6 47. gxf6 Kxf6 48. Kb4 1-0

[Event "Manresa op 35th"]
[Site "Manresa"]
[Date "2008.08.15"]
[Round "4"]
[White "Humeau, Cyril"]
[Black "Campos Cayuelas, Marc"]
[Result "1/2-1/2"]
[WhiteElo "2170"]
[BlackElo "2058"]
[PlyCount "108"]
[EventDate "2008.08.12"]
[EventType "swiss"]
[EventRounds "9"]
[EventCountry "ESP"]
[SourceTitle "CBM 125 Extra"]
[Source "ChessBase"]
[SourceDate "2008.09.01"]
[SourceVersion "1"]
[SourceVersionDate "2008.09.01"]
[SourceQuality "1"]

1. e4 c5 2. c3 d6 3. d4 cxd4 4. cxd4 Nf6 5. Nc3 g6 6. Nf3 Bg7 7. h3 a6 8. Bd3 Nc6 9. Be3 0-0 10. 0-0 b5 11. Rc1 Bb7 12. Ne2 Nb4 13. Ng3 Nxa2 14. Ra1 Nb4 15. Bb1 d5 16. e5 Ne4 17. Nxe4 dxe4 18. Ng5 Nd3 19. b3 Qd5 20. f3 f5 21. exf6 exf6 22. fxe4 Qd7 23. Nxh7 Kxh7 24. Qxd3 Rae8 25. e5 f5 26. Ra2 Qd5 27. Re2 b4 28. Rb2 Rc8 29. Qd2 Rc3 30. Re1 a5 31. Qf2 Rfc8 32. h4 Bh6 33. Bxh6 Kxh6 34. Qf4+ Kg7 35. h5 Rc2 36. Re2 Rxe2 37. Rxe2 Qxb3 38. h6+ Kh7 39. Bxf5 Qd1+ 40. Kf2 gxf5 41. Qxf5+ Kxh6 42. Qf6+ Kh5 43. Qf7+ Kh6 44. Qf6+ Kh5 45. e6 Rf8 46. Re5+ Kg4 47. Qxf8 Qxd4+ 48. Re3 Qd2+ 49. Re2 Qd4+ 50. Ke1 Qa1+ 51. Kd2 Qc3+ 52. Kd1 Qa1+ 53. Kd2 Qc3+ 54. Kd1 Qa1+ 1/2-1/2

[Event "Fincas Mediterranea 2nd"]
[Site "Castelldefels"]
[Date "2005.08.25"]
[Round "9"]
[White "Campos Cayuelas, Marc"]
[Black "Avila Jimenez, Xavier"]
[Result "1/2-1/2"]
[WhiteElo "2037"]
[BlackElo "2194"]
[PlyCount "167"]
[EventDate "2005.08.17"]
[EventType "swiss"]
[EventRounds "9"]
[EventCountry "ESP"]
[SourceTitle "CBM 107 Extra"]
[Source "ChessBase"]
[SourceDate "2005.09.01"]
[SourceVersion "1"]
[SourceVersionDate "2005.09.01"]
[SourceQuality "1"]

1. d4 d5 2. Nc3 Nf6 3. Bg5 Bf5 4. f3 Nbd7 5. g4 Bg6 6. h4 h6 7. Bxf6 Nxf6 8. h5 Bh7 9. e3 Qd6 10. Nge2 0-0-0 11. Qd2 Kb8 12. 0-0-0 c6 13. Nf4 e5 14. dxe5 Qxe5 15. Bd3 Bb4 16. Bxh7 Bxc3 17. Qxc3 Qxc3 18. bxc3 Nxh7 19. Nd3 Rhe8 20. Kd2 Ng5 21. Rhf1 Re7 22. Nc5 b6 23. Nb3 c5 24. Rb1 Kc7 25. a4 Rde8 26. Rbe1 Kc6 27. Nc1 Rf8 28. Ne2 f5 29. Nf4 Ree8 30. Ng6 Rf6 31. gxf5 Rxf5 32. Nf4 Nf7 33. Rg1 Ne5 34. Ke2 d4 35. cxd4 cxd4 36. Rxg7 dxe3 37. Ng6 Rxh5 38. Nxe5+ Rexe5 39. Rxa7 Rh2+ 40. Kd3 Rd2+ 41. Kc3 Rc5+ 42. Kb3 e2 43. c3 Re5 44. Rg7 Rd1 45. Rgg1 Rd3 46. Rg6+ Kc5 47. Rxh6 Rxf3 48. Rh2 Ree3 49. Rhxe2 Rxc3+ 50. Kb2 Rb3+ 51. Kc1 Kb4 52. Re4+ Ka3 53. a5 bxa5 54. Rc4 Rb5 55. Ree4 Rf1+ 56. Kc2 Rb2+ 57. Kd3 Rb3+ 58. Kd4 Rb4 59. Kc5 Rf5+ 60. Kd4 Rf3 61. Kc5 Rf5+ 62. Kd4 Rfb5 63. Re3+ Rb3 64. Rec3 Rb8 65. Kd3 a4 66. Kc2 Rh8 67. Kd2 Rh1 68. Kc2 Rhb1 69. Kd2 R1b2+ 70. Kc1 Rf2 71. Kd1 Rxc3 72. Rxc3+ Kb2 73. Rc8 Rf3 74. Rc2+ Kb3 75. Rc8 a3 76. Rb8+ Ka2 77. Kc2 Rf2+ 78. Kc1 Rf7 79. Rc8 Ka1 80. Kc2 a2 81. Rc6 Rf2+ 82. Kc1 Rf1+ 83. Kc2 Rh1 84. Rb6 1/2-1/2